000 00494nam a2200169Ia 4500
003 GCL
008 140319s9999 xx 000 0 ara d
040 _aGCL /
_cGCL
082 0 4 _a389
_bن ا
245 1 0 _aايزو 9000 : بداية الطريق الى تطوير المنظومة الادارية
300 _a160 ص
490 _aكتاب
_v0
650 0 4 _aالمواصفات القياسية
650 0 4 _aالايزو 9000
650 0 4 _aالتوحيد القياسى
942 _2ddc
_cBK
999 _c43077
_d43077